Loading...
| History - American | 0 | 3 | 1 | 0 | 25 | 50 | 88.00 | 0 | 2 | 5.92 | 12.01 |
| Geography | 0 | 2 | 0 | 1 | 20 | 58 | 93.00 | 0 | 0 | 8.10 | 14.55 |
| Social Science | 0 | 2 | 0 | 2 | 20 | 122 | 131.00 | 0 | 0 | -0.04 | 1.57 |
| Current Events | 0 | 2 | 1 | 1 | 15 | 121 | 126.50 | 0 | 0 | 0.62 | 5.50 |
| History - World | 0 | 1 | 0 | 1 | 10 | 140 | 140.00 | 0 | 0 | -0.04 | 0.49 |
| Literature - World | 0 | 1 | 0 | 1 | 10 | 146 | 146.00 | 0 | 0 | -0.08 | 0.56 |
| Mythology | 0 | 1 | 0 | 1 | 10 | 143 | 143.00 | 0 | 0 | 0.00 | 4.17 |
| Other Academic | 0 | 1 | 0 | 0 | 10 | 131 | 131.00 | 0 | 0 | 1.21 | 1.85 |
| History - European | 0 | 1 | 0 | 0 | 10 | 135 | 135.00 | 0 | 0 | 0.00 | 1.76 |
| Science - Biology | 0 | 1 | 0 | 1 | 10 | 123 | 123.00 | 0 | 0 | 0.00 | 1.18 |
| Fine Arts - Classical Music | 0 | 0 | 0 | 0 | 0 | 0.00 | 0 | 0 | 0.00 | 0.00 | |
| Fine Arts - Other | 0 | 0 | 0 | 0 | 0 | 0.00 | 0 | 0 | 0.00 | 0.00 | |
| History - Other | 0 | 0 | 0 | 0 | 0 | 0.00 | 0 | 0 | 0.00 | 0.00 | |
| Literature - British | 0 | 0 | 0 | 0 | 0 | 0.00 | 0 | 0 | 0.00 | 0.00 | |
| Literature - European | 0 | 0 | 0 | 0 | 0 | 0.00 | 0 | 0 | 0.00 | 0.00 | |
| Philosophy | 0 | 0 | 0 | 0 | 0 | 0.00 | 0 | 0 | 0.00 | 0.00 | |
| Fine Arts - Painting & Sculpture | 0 | 0 | 0 | 0 | 0 | 0.00 | 0 | 0 | 0.00 | 0.00 | |
| Science - Other | 0 | 0 | 0 | 0 | 0 | 0.00 | 0 | 0 | 0.00 | 0.00 | |
| Religion | 0 | 0 | 1 | 0 | -5 | 0.00 | 0 | 0 | 0.00 | 0.00 |